000 005250000a22001810004500
003 MACL
005 20160226162900.0
008 160226b xxu||||| |||| 00| 0 eng d
040 _aMACL
_cMACL
041 _aHindi
082 _a800
100 _aभारती धर्मवीर
_940774
245 _aप्रगतिवाद एक समीक्षा
260 _bसाहित्‍य भवन लिमीटेड
_c1949
350 _a3.50
650 _aLiterature
_940775
942 _cHIN
_k800
_2ddc
999 _c23239
_d23239